| 000 | 00000cam 2200000zi 4500 |
| 001 | 9.962677 |
| 003 | CaOODSP |
| 005 | 20260508130553 |
| 006 | m o d f |
| 007 | cr |n||||||||| |
| 008 | 260508t20142014oncdab ob f|0| 0 eng d |
| 040 | |aCaOODSP|beng|erda|cCaOODSP |
| 043 | |an-cn-nu |
| 086 | 1 |aM183-2/7491E-PDF |
| 100 | 1 |aLawley, C. J. M., |eauthor. |
| 245 | 10|aTargeted Geoscience Initiative 4 : |bincreasing deep exploration effectiveness : sulfide paragenesis and LA-ICP-MS arsenopyrite geochemistry at the Meliadine Gold District, Nunavut : implications for Re-Os arsenopyrite geochronology and ore deposit genesis / |cChristopher Lawley, Benoît Dubé, Simon Jackson, Zhaoping Yang, Patrick Mercier-Langevin, and Denis Vaillancourt. |
| 264 | 1|a[Ottawa] : |bGeological Survey of Canada, |c2014. |
| 264 | 4|c©2014 |
| 300 | |a1 online resource (1 page) : |bcharts, illustrations, maps. |
| 336 | |atext|btxt|2rdacontent |
| 337 | |acomputer|bc|2rdamedia |
| 338 | |aonline resource|bcr|2rdacarrier |
| 490 | 1 |aOpen file (Geological Survey of Canada) ; |v7491 |
| 500 | |aCaption title. |
| 504 | |aIncludes bibliographical references. |
| 650 | 0|aAnalytical geochemistry|zNunavut. |
| 650 | 6|aGéochimie analytique|zNunavut. |
| 710 | 2 |aGeological Survey of Canada, |eissuing body. |
| 830 | #0|aOpen file (Geological Survey of Canada)|v7491.|w(CaOODSP)9.506878 |
| 856 | 40|qPDF|s281 MB|uhttps://publications.gc.ca/collections/collection_2026/rncan-nrcan/m183-2/M183-2-7491-eng.pdf |
| 856 | 4 |qHTML|sN/A|uhttps://doi.org/10.4095/293938 |